AUTOCAD FOR ENGINEERING GRAPHICS (Record no. 571484)
[ view plain ]
| 000 -LEADER | |
|---|---|
| fixed length control field | 00381nam a22001337a 4500 |
| 020 ## - INTERNATIONAL STANDARD BOOK NUMBER | |
| International Standard Book Number | 0-02-946055-7 |
| 082 ## - DEWEY DECIMAL CLASSIFICATION NUMBER | |
| Classification number | 620.00425 BER'A |
| 100 ## - MAIN ENTRY--PERSONAL NAME | |
| Personal name | BERTOLINE, GARY R |
| 9 (RLIN) | 7936 |
| 245 ## - TITLE STATEMENT | |
| Title | AUTOCAD FOR ENGINEERING GRAPHICS |
| 260 ## - PUBLICATION, DISTRIBUTION, ETC. | |
| Place of publication, distribution, etc. | NEWYORK |
| Name of publisher, distributor, etc. | MACMILLAN |
| Date of publication, distribution, etc. | 1990 |
| 300 ## - PHYSICAL DESCRIPTION | |
| Extent | 520P |
| 650 ## - SUBJECT ADDED ENTRY--TOPICAL TERM | |
| Topical term or geographic name entry element | AUTOCAD - COMPUTER PROGRAM ENGINEERING GRAPHICS GRAPHICS-ENGINEERING |
| 9 (RLIN) | 62350 |
| 942 ## - ADDED ENTRY ELEMENTS (KOHA) | |
| Koha item type | Book |
| Withdrawn status | Lost status | Source of classification or shelving scheme | Damaged status | Not for loan | Permanent Location | Current Location | Shelving location | Date acquired | Full call number | Barcode | Date last seen | Price effective from | Koha item type | Public note | Total Checkouts |
|---|---|---|---|---|---|---|---|---|---|---|---|---|---|---|---|
| College of Electrical & Mechanical Engineering (CEME) | College of Electrical & Mechanical Engineering (CEME) | General Stacks | 07/24/2017 | 620.00425 BER'A | CEME-25516 | 06/28/2021 | 06/28/2021 | Book | 4.1 | ||||||
| College of Electrical & Mechanical Engineering (CEME) | College of Electrical & Mechanical Engineering (CEME) | General Stacks | 01/23/2026 | 620.00425 BER'A | CEME-25514 | 01/23/2026 | 01/23/2026 | Book | 4.1 | ||||||
| College of Electrical & Mechanical Engineering (CEME) | College of Electrical & Mechanical Engineering (CEME) | General Stacks | 01/23/2026 | 620.00425 BER'A | CEME-25275 | 01/23/2026 | 01/23/2026 | Book | 4.1 |
